| 000 | 00491cam a2200193ua 4500 | ||
|---|---|---|---|
| 001 | 571 | ||
| 008 | 110409n ii |||gr||||Z||||||eng | ||
| 020 | _a81-7339-066-5 | ||
| 040 | _cMAIN | ||
| 082 | _a320.954 | ||
| 245 | 0 | 2 |
_aBharatar prakashan aru rajniti. _cBy Purandar Gogoi. |
| 250 | _a2nd. | ||
| 260 |
_aDibrugarh.: _bBanalata.,995. |
||
| 300 | _a356 p.:6 cm. | ||
| 653 | _aPolitical science. | ||
| 653 | _aBharatar prakashan aru rajniti. | ||
| 700 | 1 | _aGogoi, Purandar., | |
| 942 | _cBK | ||
| 999 |
_c506 _d506 |
||